MARC

Tag First Indicator Second Indicator Subfields
LEADER 00000cam a2200000 a 4500
001 in00000074552
005 20151008053600.0
008 801020s1980 nyuabk b 00010 engm
010 |a  80132263  
035 |a (OCoLC)06915726 
035 |9 AAH7912AM 
040 |a DLC  |c DLC  |d m.c.  |d GXM  |d TXA  |d UtOrBLW 
043 |a n-us--- 
049 |a TXAM  |c [1654613] 
050 0 0 |a RJ240  |b .N37 1980 
060 0 |a WS 135 N277g 1980 
082 0 |a 614.4/7  |2 19 
110 2 |a National League for Nursing. 
245 1 0 |a Guidelines for volunteer participation in childhood immunization programs. 
264 1 |a New York :  |b National League for Nursing,  |c [1980] 
264 4 |c ©1980 
300 |a xv, 333 pages :  |b illustrations forms, maps ;  |c 28 cm. 
336 |a text  |b txt  |2 rdacontent 
337 |a unmediated  |b n  |2 rdamedia 
338 |a volume  |b nc  |2 rdacarrier 
500 |a "Pub. number 52-1800." 
500 |a "Supported under contract 200-77-0725 from the Center for Disease Control." 
504 |a Includes bibliographies. 
650 0 |a Immunization of children. 
650 0 |a Volunteer workers in immunization. 
650 0 |a Immunization of children  |z United States. 
650 2 |a Health Promotion  |x methods. 
650 2 |a Immunization  |x in infancy and childhood. 
650 2 |a Preventive Health Services. 
650 2 |a Volunteers  |x organization & administration. 
650 2 |a Volunteers  |x standards. 
710 2 |a Center for Disease Control. 
999 |a MARS 
999 f f |s 9599aa2b-6765-3a20-a211-f80850551aab  |i f5908b58-f049-3f22-bb9b-fb6f5496fb78  |t 0 
952 f f |p ric  |a Texas A&M University  |b Rellis Campus  |c Joint Library Facility  |d Remote Storage  |t 0  |e RJ240 .N37 1980  |h Library of Congress classification  |i unmediated -- volume  |m A14806232131 
998 f f |a RJ240 .N37 1980  |t 0  |l Remote Storage